| 000 | 00876nam a2200253Ia 4500 | ||
|---|---|---|---|
| 005 | 20221027144404.0 | ||
| 008 | 210716s2002 xx 000 0 und d | ||
| 020 | _a0074638106 | ||
| 040 | _cAIMIT LIBRARY | ||
| 041 | _aeng | ||
| 082 |
_a006.37 _21 _bPAPC |
||
| 100 |
_aPappas, Chris H _960286 |
||
| 245 |
_aVisual c++ 6 : _bComplete reference / _cBy Chris H. Pappas and William H. Murray |
||
| 250 |
_a1st ed. _bTata McGraw-Hill Edition |
||
| 260 |
_aNew Delhi _bTata McGraw Hill Publishing Company Ltd _c2002 |
||
| 300 |
_axx,1015p ; _bPB : _c23 cm. |
||
| 650 |
_aVisual Basic _960287 |
||
| 650 |
_aProgramming Foundations _960288 |
||
| 650 |
_aFoundations for Object Oriented Programming in C ++ _960289 |
||
| 650 |
_aWindows Programming Foundations _960290 |
||
| 650 |
_aWizards _960291 |
||
| 700 |
_aMurray, William H. _960292 |
||
| 942 |
_2ddc _cBK _e1st _k006.37 PAPC |
||
| 999 |
_c184731 _d184731 |
||